Ten strom tam už nie je Koloman Gögh odišiel, ale ostal s nami navždy

Bibliographic Details
Main Author: Šurin, Peter (Author)
Format: Article
Language:Slovak
PhysicalDescription:Fotogr.
ISSN:0139-7001
Subjects:

MARC

LEADER 00000nab a2200000 a 4500
001 vtls000831099
003 SK-MaSNL
005 20260302163738.0
008 160322c2003 xo 0 slo
015 |a SNBRB2003/04-10831 
035 |a CLN000182754 
040 |a SNKBUCL  |b slo  |c SNKBUCL  |e AACR2 
041 0 |a slo 
044 |a xo  |c SK 
080 |a 796.332.071  |2 UDC-MRF-SK2 
080 |a 929 Gögh, Koloman  |2 UDC-MRF-SK2 
100 1 |a Šurin, Peter  |4 aut  |9 571511 
245 1 0 |a Ten strom tam už nie je  |b Koloman Gögh odišiel, ale ostal s nami navždy  |c Peter Šurin 
300 |b Fotogr. 
600 1 7 |a Gögh, Koloman,  |d 1948-1995  |2 snkbucl  |9 193186 
655 7 |a články z novín a časopisov  |2 snkbucl  |9 267496 
773 0 |x 0139-7001  |t Šport  |g Roč. 57, č. 73 (28.3.2003), s. 46-47 
850 |a Slovenská národná knižnica v Martine 
852 |a SNK  |b KIS3GCP 
958 |a SK 
958 |a BX 
958 |a RBX 
999 |c 1384413  |d 1386343